| 000 | 00573nam a22001937a 4500 | ||
|---|---|---|---|
| 003 | OSt | ||
| 005 | 20180116183042.0 | ||
| 008 | 160223b xxu||||| |||| 00| 0 eng d | ||
| 020 | _a11-117-89-1 | ||
| 024 | _211-117-89-1 | ||
| 040 | _cLahore University of Management Sciences | ||
| 082 | _a174.4 LUM 1999 | ||
| 100 | _aQURESHI U | ||
| 245 |
_aHAMEDI EMBROIDERY MILLS (PVT) LIMITED _cQURESHI U |
||
| 260 |
_aLahore _bLahore University of Management Sciences _c1989 |
||
| 300 |
_a17 p. _bPapers |
||
| 440 | _aHAMEDI EMBROIDERY MILLS (PVT) LIMITED | ||
| 942 |
_2ddc _cCS |
||
| 999 |
_c351285 _d351285 |
||